Guía para la necropsia de los rumiantes domésticos / (Record no. 142357)

MARC details
000 -LEADER
campo de control de longitud fija 00671nam a22002051 4500
001 - NÚMERO DE CONTROL
campo de control 142357
003 - IDENTIFICADOR DE NÚMERO DE CONTROL
campo de control ES-MaACL
005 - FECHA Y HORA DE LA ÚLTIMA TRANSACCIÓN
campo de control 20230906200513.0
007 - CAMPO FIJO DE DESCRIPCIÓN FÍSICA--INFORMACIÓN GENERAL
campo de control de longitud fija t|
008 - DATOS DE LONGITUD FIJA--INFORMACIÓN GENERAL
campo de control de longitud fija 071004s1968 sp ||||0| spa d
080 ## - NÚMERO DE LA CLASIFICACIÓN DECIMAL UNIVERSAL
Número de la Clasificación Decimal Universal 619-091.5:636.3
100 1# - ENTRADA PRINCIPAL--NOMBRE DE PERSONA
Nombre de persona Winter, Hans.
9 (RLIN) 117113
245 10 - MENCIÓN DEL TÍTULO
Título Guía para la necropsia de los rumiantes domésticos /
Mención de responsabilidad, etc. Hans Winter ; traducido por Narciso L. Murillo-Ferrol y Salvador Climent Peris.
260 ## - PUBLICACIÓN, DISTRIBUCIÓN, ETC.
Lugar de publicación, distribución, etc. Zaragoza :
Nombre del editor, distribuidor, etc. Acribia,
Fecha de publicación, distribución, etc. [1968]
300 ## - DESCRIPCIÓN FÍSICA
Extensión 118 p. :
Otras características físicas il ;
Dimensiones 24 cm.
650 ## - PUNTO DE ACCESO ADICIONAL DE MATERIA--TÉRMINO DE MATERIA
Término de materia o nombre geográfico como elemento de entrada Rumiantes.
9 (RLIN) 16954
700 1# - ENTRADA AGREGADA--NOMBRE PERSONAL
Nombre de persona Climent Peris, Salvador.
9 (RLIN) 39263
700 1# - ENTRADA AGREGADA--NOMBRE PERSONAL
Nombre de persona Murillo Ferrol, Narciso L.
9 (RLIN) 84592
852 4# - LOCALIZACIÓN
Ubicación ES-MaACL
Número de control de estantería C-45562
Holdings
Estatus retirado Estado de pérdida Estado de daño No para préstamo Biblioteca de origen Biblioteca actual Ubicación en estantería Fecha de adquisición Fuente de adquisición Total de préstamos Signatura topográfica completa Código de barras Visto por última vez Precio de reemplazo Tipo de ítem Koha
        Biblioteca del Ateneo de Madrid Biblioteca del Ateneo de Madrid Depósito 2 17/01/2008     C-45562 1148122 23/02/2023 23/02/2023 Libro impreso